Parametre konkurencieschopnosti podnikateľského prostredia na Slovensku v kontexte geopolitických zmien zborník abstraktov z vedeckého seminára KPH, 2.-3.10.2014 Horný Smokovec
Salvato in:
| Enti autori: | , |
|---|---|
| Altri autori: | , , , , |
| Natura: | Libro |
| Lingua: | slovacco |
| Pubblicazione: |
Bratislava
Vydavateľstvo EKONÓM
2014
|
| Edizione: | 1. vyd. |
| Soggetti: | |
| Tags: |
Nessun Tag, puoi essere il primo ad aggiungerne!!
|
MARC
| LEADER | 00000nlm a2200000 4500 | ||
|---|---|---|---|
| 001 | 0194621 | ||
| 005 | 20240603074514.3 | ||
| 020 | |a 978-80-225-3965-4 | ||
| 041 | 0 | |a slo | |
| 044 | |a SK | ||
| 245 | 1 | 0 | |a Parametre konkurencieschopnosti podnikateľského prostredia na Slovensku v kontexte geopolitických zmien |b zborník abstraktov z vedeckého seminára KPH, 2.-3.10.2014 Horný Smokovec |c redakčné a zostavovateľské práce: Nora Grisáková, Jakub Kintler, Iveta Kufelová, Peter Štetka, Eleonora Fendeková |
| 250 | |a 1. vyd. | ||
| 264 | 1 | |a Bratislava |b Vydavateľstvo EKONÓM |c 2014 | |
| 300 | |a CD-ROM [57 s., 3,13 AH] | ||
| 610 | 2 | 0 | |a konkurencieschopnosť |
| 610 | 2 | 0 | |a prostredie podnikateľské |
| 610 | 2 | 0 | |a geopolitika |
| 610 | 2 | 0 | |a Slovensko |
| 700 | 1 | |a Grisáková, Nora, 1978- | |
| 700 | 1 | |a Kintler, Jakub, 1979- | |
| 700 | 1 | |a Kufelová, Iveta, 1970- | |
| 700 | 1 | |a Štetka, Peter, 1986- | |
| 700 | 1 | |a Fendeková, Eleonora, 1952- | |
| 110 | 2 | |a Parametre konkurencieschopnosti podnikateľského prostredia na Slovensku v kontexte geopolitických zmien. Vedecký seminár | |
| 710 | 2 | |a Fakulta podnikového manažmentu EU. Katedra podnikovohospodárska | |